La segunda guerra mundial

Wedi'i Gadw mewn:
Manylion Llyfryddiaeth
Prif Awdur: Churchill, Winston S (Awdur)
Fformat: Llyfr
Iaith:Sbaeneg
Cyhoeddwyd: Buenos Aires, Argentina Peuser 1958
Rhifyn:Séptima edición
Pynciau:
Tagiau: Ychwanegu Tag
Dim Tagiau, Byddwch y cyntaf i dagio'r cofnod hwn!

MARC

LEADER 00000nam a2200000 a 4500
001 UCP6390
003 CL-VaPUC
005 20230526074335.0
008 991022e19580000AG |||||||||||||||||spa|d
999 |c 283977  |d 283975 
040 |c Pontificia Universidad Católica de Valparaíso 
082 0 4 |a 940.54 CHU 1958  |2 21 
100 0 |a Churchill, Winston S  |e author  |9 342458 
245 1 3 |a La segunda guerra mundial 
250 |a Séptima edición 
260 |a Buenos Aires, Argentina  |b Peuser  |c 1958 
300 |a 6 volúmenes 
500 |a v.1: Se cierne la tormenta 
500 |a v.2: Su hora más gloriosa 
500 |a v.3: La gran Alianza 
500 |a v.4: El vuelvo del destino 
500 |a v.5: El cerco de cierra 
500 |a v.6: Triunfo y tragedia 
583 |a last modification  |c 20160912 03:41:39  |k Rodrigo Vera 
650 0 |a Segunda Guerra Mundial  |9 325982 
650 7 |a HISTORIA UNIVERSAL  |2 CL-VaPUC  |9 361893  |y SIGLO 20 
852 |a BIBCUR 
942 |c BK  |2 ddc 
945 |d 19991022 00:00:00  |a lriquelm 
952 |0 0  |1 0  |2 ddc  |4 0  |6 940_540000000000000_CHU_1958  |7 0  |8 A  |9 327553  |a BIBHIS  |b BIBHIS  |d 2019-11-20  |h v.2  |i 1383590  |o 940.54 CHU 1958  |p 1383590  |r 2025-01-20  |t 1  |w 2019-11-20  |y BK  |k HIS 
952 |0 0  |1 0  |2 ddc  |4 0  |6 940_540000000000000_CHU_1958  |7 0  |8 A  |9 327554  |a BIBHIS  |b BIBHIS  |d 2019-11-20  |h v.6  |i 3124274  |o 940.54 CHU 1958  |p 3124274  |r 2025-01-20  |t 1  |w 2019-11-20  |y BK  |k HIS 
952 |0 0  |1 0  |2 ddc  |4 0  |6 940_540000000000000_CHU_1958  |7 0  |8 A  |9 327555  |a BIBHIS  |b BIBHIS  |d 2019-11-20  |h v.6  |i 2835215  |o 940.54 CHU 1958  |p 2835215  |r 2025-01-20  |t 2  |w 2019-11-20  |y BK  |k HIS